Seismic resistant design and technology / (Record no. 22166)
[ view plain ]
| 000 -LEADER | |
|---|---|
| fixed length control field | 01550cam a2200289 i 4500 |
| 001 - CONTROL NUMBER | |
| control field | 18616329 |
| 005 - DATE AND TIME OF LATEST TRANSACTION | |
| control field | 20160811120243.0 |
| 008 - FIXED-LENGTH DATA ELEMENTS--GENERAL INFORMATION | |
| fixed length control field | 150513s2015 flua frb 001 0 eng d |
| 010 ## - LIBRARY OF CONGRESS CONTROL NUMBER | |
| LC control number | 2015018286 |
| 020 ## - INTERNATIONAL STANDARD BOOK NUMBER | |
| International Standard Book Number | 9781498705363 |
| 020 ## - INTERNATIONAL STANDARD BOOK NUMBER | |
| International Standard Book Number | 1498705367 |
| 040 ## - CATALOGING SOURCE | |
| Original cataloging agency | DLC |
| Language of cataloging | eng |
| Transcribing agency | DLC |
| Modifying agency | EG-ScBUE |
| 042 ## - AUTHENTICATION CODE | |
| Authentication code | pcc |
| 082 04 - DEWEY DECIMAL CLASSIFICATION NUMBER | |
| Edition number | 22 |
| Classification number | 693.852 |
| Item number | IVA |
| 100 1# - MAIN ENTRY--PERSONAL NAME | |
| Personal name | Ivanov, Dentcho. |
| 9 (RLIN) | 40734 |
| 245 10 - TITLE STATEMENT | |
| Title | Seismic resistant design and technology / |
| Statement of responsibility, etc | Dentcho Ivanov. |
| 260 ## - PUBLICATION, DISTRIBUTION, ETC. (IMPRINT) | |
| Place of publication, distribution, etc | Boca Raton, Florida : |
| Name of publisher, distributor, etc | CRC Press / Taylor & Francis Group, |
| Date of publication, distribution, etc | c.2015. |
| 300 ## - PHYSICAL DESCRIPTION | |
| Extent | viii, 202 p. ; |
| Other physical details | ill. ; |
| Dimensions | 23 cm. |
| 500 ## - GENERAL NOTE | |
| General note | Index : p. 201-202. |
| 504 ## - BIBLIOGRAPHY, ETC. NOTE | |
| Bibliography, etc | Bibliography : p. 195-200. |
| 505 ## - FORMATTED CONTENTS NOTE | |
| Formatted contents note | Introduction -- 1. Origin of Earthquakes and Seismic Waves -- 2. Body Elastic Wave Propagation; 3. Surface Elastic Wave Propagation -- 4. Modelling and Earthquake-Resistant Design. |
| 520 ## - SUMMARY, ETC. | |
| Summary, etc | An earthquake is a powerful surface acoustic wave (SAW) generated by a seismic event, such as a volcano or motion of the Earth's layers, that propagates on the Earth's surface. This book explains the design of earthquake resistant structures using SAW techniques that offer a variety of experimental setups and theoretical models. Designs of protecting systems able to dissipate or deflect SSW energy built around buildings or towns located in earthquake regions set this book apart from other seismology publications. |
| 650 #7 - SUBJECT ADDED ENTRY--TOPICAL TERM | |
| Topical term or geographic name as entry element | Earthquake resistant design. |
| Source of heading or term | BUEsh |
| 9 (RLIN) | 5069 |
| 651 ## - SUBJECT ADDED ENTRY--GEOGRAPHIC NAME | |
| Source of heading or term | BUEsh |
| 653 ## - INDEX TERM--UNCONTROLLED | |
| Resource For college | Engineering, General |
| Arrived date list | August 2016 |
| 942 ## - ADDED ENTRY ELEMENTS (KOHA) | |
| Source of classification or shelving scheme | Dewey Decimal Classification |
| Edition | 22 |
| Call number prefix | 693.852 IVA |
| Withdrawn status | Item status | Source of classification or shelving scheme | Damaged status | Not for loan | Vendor | Home library | Current library | Shelving location | Date acquired | Source of acquisition | Cost, normal purchase price | Serial Enumeration / chronology | Total Checkouts | Total Renewals | Full call number | Barcode | Date last seen | Date last borrowed | Cost, replacement price | Koha item type |
|---|---|---|---|---|---|---|---|---|---|---|---|---|---|---|---|---|---|---|---|---|
| Dewey Decimal Classification | Baccah | Central Library | Central Library | First floor | 11/08/2016 | Purchase | 1230.00 | 25843 | 1 | 11 | 693.852 IVA | 000033205 | 15/07/2025 | 11/10/2016 | 1537.50 | Book - Borrowing |